000 00282nam a22001337a 4500
008 170807b xxu||||| |||| 00| 0 eng d
020 _a9780072835267
041 _aeng
080 _a004
100 _a33
101 _aSHK
245 _aOFFICE 2003
_cO'LEARY,T.J
942 _2udc
_cBK
999 _c22805
_d22805